[Event "GBR-ch107 U8"]
[Site "Milton Keynes"]
[Date "2021.10.02"]
[Round "2.10"]
[White "Kruger, Derik"]
[Black "Laddhad, Laksh"]
[Result "1-0"]
[WhiteElo "600"]
[BlackElo "927"]
[PlyCount "131"]
[EventDate "2021.10.02"]
[EventType "swiss"]
[EventRounds "7"]
[EventCountry "GBR"]
[SourceTitle "BritBase"]
[Source "John Saunders"]
[SourceDate "2021.06.05"]
[SourceVersion "1"]
[SourceVersionDate "2021.06.05"]
[SourceQuality "1"]

1. e4 c5 2. Nc3 Nc6 3. Nf3 d6 4. Bb5 a6 5. Bc4 b5 6. Bd5 Bb7 7. O-O e6 8. Bxc6+
Bxc6 9. d4 Be7 10. d5 Bb7 11. Be3 Nf6 12. Ng5 O-O 13. dxe6 fxe6 14. Nxe6 Qd7
15. Nxf8 Rxf8 16. Nd5 Nxe4 17. Bf4 Rf5 18. Nxe7+ Qxe7 19. g3 Nf6 20. Bxd6 Qe4
21. f3 Rxf3 22. Rxf3 Qxf3 23. Qxf3 Bxf3 24. Bxc5 Be4 25. Bd4 Kf7 26. Bxf6 Kxf6
27. c3 Ke5 28. Re1 Kd5 29. Kf2 Bg6 30. Rd1+ Kc6 31. Rd4 Be8 32. Ke3 Kb6 33. c4
b4 34. Rd5 Bf7 35. Rd6+ Ka5 36. c5 Kb5 37. c6 Kb6 38. Rd7 Bxa2 39. c7 Kb7 40.
Ke4 Kc8 41. Rxg7 Kb7 42. Ke5 a5 43. Kd6 Bb1 44. Rg8 Bf5 45. Rb8+ Ka6 46. c8=Q+
Bxc8 47. Rxc8 Kb5 48. h4 a4 49. g4 a3 50. bxa3 bxa3 51. Rc2 Kb4 52. g5 Kb3 53.
Rh2 a2 54. Rxa2 Kxa2 55. h5 Kb3 56. g6 h6 57. g7 Kc3 58. g8=Q Kd2 59. Qg3 Ke2
60. Kd5 Kd2 61. Ke4 Kc2 62. Kd4 Kb2 63. Kc4 Ka2 64. Kb4 Ka1 65. Kb3 Kb1 66.
Qe1# 1-0

[Event "GBR-ch107 U8"]
[Site "Milton Keynes"]
[Date "2021.10.02"]
[Round "3.1"]
[White "Chen, George"]
[Black "Zhao, George"]
[Result "0-1"]
[WhiteElo "1113"]
[BlackElo "1315"]
[PlyCount "90"]
[EventDate "2021.10.02"]
[EventType "swiss"]
[EventRounds "7"]
[EventCountry "GBR"]
[SourceTitle "BritBase"]
[Source "John Saunders"]
[SourceDate "2021.06.05"]
[SourceVersion "1"]
[SourceVersionDate "2021.06.05"]
[SourceQuality "1"]

1. e4 e6 2. d4 d5 3. exd5 exd5 4. Nf3 Nf6 5. Bd3 Bd6 6. O-O O-O 7. c3 c6 8. Bg5
Bg4 9. Nbd2 Nbd7 10. Qc2 Qc7 11. Rfe1 Rae8 12. Bf5 Bxf5 13. Qxf5 Ne4 14. Nxe4
dxe4 15. Ne5 Nxe5 16. dxe5 Rxe5 17. Qg4 Re6 18. h3 f5 19. Qd1 h6 20. Be3 Rd8
21. Qb3 Kf7 22. Bxa7 Qe7 23. Bb6 Rd7 24. Be3 Kf8 25. Rad1 f4 26. Bc1 Rg6 27.
Qc4 Re6 28. b4 e3 29. Qe2 exf2+ 30. Qxf2 Rxe1+ 31. Rxe1 Qf6 32. Rf1 g5 33. Bb2
Kg8 34. c4 Qf5 35. Qd4 Bxb4 36. Qh8+ Kf7 37. Qg7+ Ke8 38. Qxh6 Rh7 39. Qf6 Bc5+
40. Kh2 Rxh3+ 41. gxh3 Qc2+ 42. Kh1 Qe4+ 43. Kh2 Qe2+ 44. Kh1 Qxf1+ 45. Kh2
Qg1# 0-1

[Event "GBR-ch107 U8"]
[Site "Milton Keynes"]
[Date "2021.10.02"]
[Round "3.2"]
[White "Lishoy Gengis Paratazham, Dildarav"]
[Black "Jakhria, Kushal"]
[Result "0-1"]
[WhiteElo "1272"]
[BlackElo "1069"]
[PlyCount "140"]
[EventDate "2021.10.02"]
[EventType "swiss"]
[EventRounds "7"]
[EventCountry "GBR"]
[SourceTitle "BritBase"]
[Source "John Saunders"]
[SourceDate "2021.06.05"]
[SourceVersion "1"]
[SourceVersionDate "2021.06.05"]
[SourceQuality "1"]

1. g3 d5 2. Bg2 c6 3. Nf3 g6 4. O-O Bg7 5. c3 e5 6. d3 Ne7 7. Bg5 h6 8. Be3 O-O
9. Nbd2 b6 10. Qc1 Nf5 11. Nb3 Nxe3 12. Qxe3 Nd7 13. a4 f5 14. d4 e4 15. Nfd2
g5 16. f4 g4 17. Qf2 h5 18. c4 Ba6 19. cxd5 cxd5 20. a5 Bb7 21. a6 Bc6 22. Rfc1
Rc8 23. Rc2 Bb5 24. Rxc8 Qxc8 25. Rc1 Qxa6 26. Bf1 Rc8 27. Ra1 Qb7 28. e3 Bc4
29. h3 Bxf1 30. Qxf1 b5 31. Na5 Qb6 32. Ndb3 Bf8 33. h4 Bb4 34. Qe2 Nb8 35. Kg2
Nc6 36. Nxc6 Rxc6 37. Kg1 a5 38. Nc1 a4 39. Na2 Ba5 40. Nc1 b4 41. b3 a3 42.
Kf1 Qa6 43. Qxa6 Rxa6 44. Ke2 Rc6 45. Kd2 Rc3 46. Rb1 Rc7 47. Ra1 Kf7 48. Ra2
Ke6 49. Ra1 Kd6 50. Ra2 Rc6 51. Ra1 Kc7 52. Ra2 Kb6 53. Ra1 Kb5 54. Ra2 Bd8 55.
Kd1 Bb6 56. Kd2 Bxd4 57. exd4 Rc3 58. Ne2 Rxb3 59. Kc2 Re3 60. Kd2 Rd3+ 61. Kc1
Kc4 62. Rc2+ Kb3 63. Kb1 a2+ 64. Rxa2 Rd1+ 65. Nc1+ Rxc1+ 66. Kxc1 Kxa2 67. Kc2
b3+ 68. Kc3 b2 69. Kd2 b1=Q 70. Ke3 Qe1# 0-1

[Event "GBR-ch107 U8"]
[Site "Milton Keynes"]
[Date "2021.10.02"]
[Round "3.3"]
[White "Han, Qixiang"]
[Black "Veselow, Zoe"]
[Result "1-0"]
[WhiteElo "888"]
[BlackElo "1338"]
[PlyCount "125"]
[EventDate "2021.10.02"]
[EventType "swiss"]
[EventRounds "7"]
[EventCountry "GBR"]
[SourceTitle "BritBase"]
[Source "John Saunders"]
[SourceDate "2021.06.05"]
[SourceVersion "1"]
[SourceVersionDate "2021.06.05"]
[SourceQuality "1"]

1. e4 e5 2. Nf3 Nc6 3. Bc4 Bc5 4. c3 Nf6 5. d4 exd4 6. cxd4 Bb4+ 7. Bd2 Bxd2+
8. Nbxd2 d5 9. exd5 Nxd5 10. O-O O-O 11. Bb3 Be6 12. Re1 Nf4 13. Bxe6 Nxe6 14.
Nb3 Ne7 15. Rc1 c6 16. Nc5 Nxc5 17. dxc5 Nd5 18. Ne5 f6 19. Nc4 Nf4 20. Nd6 Rb8
21. Qb3+ Nd5 22. Rcd1 Qc7 23. Rd4 b6 24. Qc4 bxc5 25. Qxc5 Nb6 26. Nf5 Rfe8 27.
Red1 Re5 28. Qc2 Rbe8 29. Kf1 g6 30. Nh4 Qe7 31. Nf3 Re2 32. Qb3+ Nd5 33. Qc4
Kh8 34. Qxc6 Ne3+ 35. fxe3 Qxe3 36. Qxe8+ Qxe8 37. Rd8 Kg7 38. Rxe8 Rxe8 39.
Rd7+ Kh6 40. Rxa7 Rb8 41. b3 Rb4 42. Ra4 Rb7 43. Nd2 Rd7 44. Ke2 Rb7 45. a3 Rc7
46. Rc4 Rb7 47. a4 Rb6 48. a5 Ra6 49. Ra4 Ra7 50. a6 f5 51. b4 g5 52. b5 Ra8
53. a7 f4 54. b6 Re8+ 55. Kd1 Rd8 56. a8=Q Rxa8 57. Rxa8 Kg6 58. b7 Kf6 59.
b8=Q Kf5 60. Ra5+ Ke6 61. Qb6+ Ke7 62. Ra7+ Ke8 63. Qb8# 1-0

[Event "GBR-ch107 U8"]
[Site "Milton Keynes"]
[Date "2021.10.02"]
[Round "3.4"]
[White "Keerthi Kumar, Advait"]
[Black "Deepak Ambattu, Rithvik"]
[Result "0-1"]
[WhiteElo "1492"]
[BlackElo "1285"]
[PlyCount "108"]
[EventDate "2021.10.02"]
[EventType "swiss"]
[EventRounds "7"]
[EventCountry "GBR"]
[SourceTitle "BritBase"]
[Source "John Saunders"]
[SourceDate "2021.06.05"]
[SourceVersion "1"]
[SourceVersionDate "2021.06.05"]
[SourceQuality "1"]

1. e4 e5 2. Nf3 Nc6 3. Bc4 Bc5 4. b4 Bxb4 5. c3 Ba5 6. d4 exd4 7. O-O Nf6 8. e5
d5 9. Bb3 Ne4 10. cxd4 O-O 11. Ba3 Re8 12. Nbd2 Bg4 13. Qc2 Bxf3 14. Nxf3 Bb4
15. Bb2 Qd7 16. Rac1 Rad8 17. Ba4 Re6 18. a3 Ba5 19. Qb3 Bb6 20. Qd3 Rg6 21.
Kh1 Qg4 22. Ne1 Qh4 23. Qf3 Nd2 24. Qe2 Nxf1 25. Qxf1 Nxd4 26. Bxd4 Qxd4 27.
Bc2 Rh6 28. Nd3 Qh4 29. h3 c5 30. Kh2 c4 31. g3 Qd4 32. Nf4 Qxf2+ 33. Qxf2 Bxf2
34. Kg2 Be3 35. Rd1 Bxf4 36. gxf4 d4 37. Kf3 Rxh3+ 38. Ke4 Re3+ 39. Kf5 Kf8 40.
Be4 g6+ 41. Kf6 Rxe4 42. f5 Rf4 43. Kg5 Rxf5+ 44. Kg4 Rxe5 45. a4 c3 46. a5 c2
47. Rc1 d3 48. a6 d2 49. Rxc2 d1=Q+ 50. Kf4 Qd4+ 51. Kf3 Qe3+ 52. Kg2 Rg5+ 53.
Kh2 Qg1+ 54. Kh3 Qg3# 0-1

[Event "GBR-ch107 U8"]
[Site "Milton Keynes"]
[Date "2021.10.02"]
[Round "3.5"]
[White "Konara, Nuvee"]
[Black "Sivanandan, Bodhana"]
[Result "0-1"]
[WhiteElo "883"]
[BlackElo "1345"]
[PlyCount "44"]
[EventDate "2021.10.02"]
[EventType "swiss"]
[EventRounds "7"]
[EventCountry "GBR"]
[SourceTitle "BritBase"]
[Source "John Saunders"]
[SourceDate "2021.06.05"]
[SourceVersion "1"]
[SourceVersionDate "2021.06.05"]
[SourceQuality "1"]

1. e4 e5 2. Bc4 Nc6 3. Nf3 Bc5 4. Ng5 Qxg5 5. d3 Qxg2 6. Qe2 Qxh1+ 7. Qf1 Qxf1+
8. Kxf1 Nd4 9. a3 Nxc2 10. Ra2 d6 11. Nc3 Nf6 12. Bd2 Bh3+ 13. Kg1 a6 14. Bg5
Nd4 15. Bxf6 gxf6 16. Nd5 Bb6 17. Nxf6+ Kf8 18. Nd7+ Bxd7 19. Ra1 Bh3 20. Re1
Nf3+ 21. Kh1 Nxe1 22. Bd5 Bxf2 0-1

[Event "GBR-ch107 U8"]
[Site "Milton Keynes"]
[Date "2021.10.02"]
[Round "3.6"]
[White "Kumar, Sachin"]
[Black "Pitel, Benedikt"]
[Result "1-0"]
[WhiteElo "1106"]
[BlackElo "963"]
[PlyCount "130"]
[EventDate "2021.10.02"]
[EventType "swiss"]
[EventRounds "7"]
[EventCountry "GBR"]
[SourceTitle "BritBase"]
[Source "John Saunders"]
[SourceDate "2021.06.05"]
[SourceVersion "1"]
[SourceVersionDate "2021.06.05"]
[SourceQuality "1"]

1. e4 c6 2. Nc3 d5 3. exd5 cxd5 4. d4 Nf6 5. Nf3 Bf5 6. Bd3 Bg6 7. O-O e6 8.
Re1 Bd6 9. Be3 O-O 10. Bxg6 fxg6 11. Bg5 h6 12. Bh4 Be7 13. Ne5 Nbd7 14. Nxg6
Rf7 15. Qd3 Nf8 16. Nxe7+ Qxe7 17. Nxd5 Qd6 18. Nxf6+ gxf6 19. Qg3+ Qxg3 20.
Bxg3 Rd8 21. c3 b5 22. b4 Rc8 23. Rac1 Re7 24. Bd6 Ree8 25. Bxf8 Kxf8 26. g3 e5
27. dxe5 fxe5 28. Kg2 Kf7 29. Kf3 Kf6 30. Kg4 Rg8+ 31. Kh3 Kf5 32. Re3 e4 33.
Rce1 Rc4 34. f3 exf3 35. Rxf3+ Kg6 36. Re6+ Kg5 37. Re5+ Kg6 38. Rxb5 Rgc8 39.
Ra5 Rxc3 40. Rxc3 Rxc3 41. Rxa7 Rc2 42. b5 Rb2 43. a4 Kf6 44. a5 Rxb5 45. a6
Ra5 46. Rh7 Kg6 47. Ra7 h5 48. g4 hxg4+ 49. Kxg4 Ra4+ 50. Kf3 Ra3+ 51. Ke4 Ra5
52. Kd4 Ra1 53. Kc5 Rc1+ 54. Kb6 Rb1+ 55. Kc7 Rc1+ 56. Kb8 Ra1 57. h3 Ra2 58.
h4 Ra5 59. h5+ Kh6 60. Kb7 Ra1 61. Kb8 Ra2 62. Ra8 Kxh5 63. Ka7 Kg4 64. Kb6 Kf4
65. Kc5 Ke4 1-0

[Event "GBR-ch107 U8"]
[Site "Milton Keynes"]
[Date "2021.10.02"]
[Round "3.7"]
[White "Gao, Alex"]
[Black "Kruger, Derik"]
[Result "1-0"]
[WhiteElo "1015"]
[BlackElo "600"]
[PlyCount "77"]
[EventDate "2021.10.02"]
[EventType "swiss"]
[EventRounds "7"]
[EventCountry "GBR"]
[SourceTitle "BritBase"]
[Source "John Saunders"]
[SourceDate "2021.06.05"]
[SourceVersion "1"]
[SourceVersionDate "2021.06.05"]
[SourceQuality "1"]

1. e4 c6 2. d4 d5 3. e5 Bf5 4. Nf3 e6 5. c3 Nd7 6. Be3 Ne7 7. Bd3 g6 8. O-O Bg7
9. Bg5 O-O 10. Bxf5 Nxf5 11. Bxd8 Raxd8 12. Nbd2 c5 13. Nb3 c4 14. Nc5 Nxc5 15.
dxc5 Rd7 16. b3 cxb3 17. axb3 Rfd8 18. Qc2 d4 19. cxd4 Nxd4 20. Nxd4 Bxe5 21.
Nf3 Bxa1 22. Rxa1 b6 23. c6 Rc7 24. h3 Rdc8 25. Rc1 a5 26. Nd4 e5 27. Nb5 Re7
28. c7 Rd7 29. Qc6 Rd3 30. Qb7 Rf8 31. c8=Q Rdd8 32. Qxd8 Rxd8 33. Rc8 Rxc8 34.
Qxc8+ Kg7 35. Nd6 h6 36. Qd7 Kh7 37. Qxf7+ Kh8 38. Qxg6 b5 39. Nf7# 1-0

[Event "GBR-ch107 U8"]
[Site "Milton Keynes"]
[Date "2021.10.02"]
[Round "3.8"]
[White "Litvin, Theo"]
[Black "Maitret, Victor"]
[Result "0-1"]
[WhiteElo "760"]
[BlackElo "1082"]
[PlyCount "98"]
[EventDate "2021.10.02"]
[EventType "swiss"]
[EventRounds "7"]
[EventCountry "GBR"]
[SourceTitle "BritBase"]
[Source "John Saunders"]
[SourceDate "2021.06.05"]
[SourceVersion "1"]
[SourceVersionDate "2021.06.05"]
[SourceQuality "1"]

1. e4 c5 2. Nf3 Nf6 3. Nc3 d6 4. Bc4 h6 5. e5 Ng4 6. exd6 exd6 7. O-O Be7 8.
Re1 O-O 9. Qe2 Re8 10. h3 Nf6 11. Bb5 Bd7 12. Bxd7 Nbxd7 13. d3 Bf8 14. Qd1
Rxe1+ 15. Qxe1 Qb6 16. b3 Re8 17. Qd1 Ne5 18. Bb2 Nxf3+ 19. Qxf3 Nd7 20. Qg4
Ne5 21. Qg3 Re6 22. Nd5 Qc6 23. Nf4 Rf6 24. Re1 Qe8 25. f3 Rxf4 26. Qxf4 Nxf3+
27. Qxf3 Qxe1+ 28. Kh2 Qe7 29. d4 b6 30. dxc5 dxc5 31. Qg4 Qd6+ 32. Kh1 Qg6 33.
Qe2 Kh7 34. Kg1 Qe6 35. Qd3+ Kg8 36. Qd2 Qd6 37. Qe2 Qe7 38. Qd2 Qg5 39. Qe2
Qd5 40. Kh1 Qe6 41. Qd2 Be7 42. Qc3 Bf6 43. Qf3 Bxb2 44. Qa8+ Kh7 45. g4 Qe1+
46. Kg2 Qe2+ 47. Kg3 Be5+ 48. Kh4 Qf2+ 49. Kh5 g6# 0-1

[Event "GBR-ch107 U8"]
[Site "Milton Keynes"]
[Date "2021.10.02"]
[Round "3.9"]
[White "Verbytski, Oleg"]
[Black "Laddhad, Laksh"]
[Result "1-0"]
[WhiteElo "1368"]
[BlackElo "927"]
[PlyCount "57"]
[EventDate "2021.10.02"]
[EventType "swiss"]
[EventRounds "7"]
[EventCountry "GBR"]
[SourceTitle "BritBase"]
[Source "John Saunders"]
[SourceDate "2021.06.05"]
[SourceVersion "1"]
[SourceVersionDate "2021.06.05"]
[SourceQuality "1"]

1. e4 c5 2. Nf3 d6 3. d4 cxd4 4. Nxd4 Nf6 5. Nc3 g6 6. Be3 Bg7 7. Bc4 O-O 8. f3
b6 9. Qd2 Re8 10. O-O-O Bb7 11. h4 Nbd7 12. g4 Rc8 13. Bb3 Nc5 14. Kb1 Nxb3 15.
cxb3 e5 16. Nde2 Qd7 17. h5 Bh8 18. Ng3 Bxe4+ 19. Ncxe4 Nxe4 20. Nxe4 Red8 21.
Bg5 Re8 22. Nxd6 f6 23. Nxe8 Qxe8 24. Be3 Qc6 25. hxg6 Rc7 26. Qd8+ Kg7 27.
Rxh7+ Kxg6 28. Rxc7 Qxf3 29. Qg8+ 1-0

[Event "GBR-ch107 U8"]
[Site "Milton Keynes"]
[Date "2021.10.02"]
[Round "3.10"]
[White "Pradhan, Ayan"]
[Black "Ong, Timothy"]
[Result "1-0"]
[WhiteElo "500"]
[BlackElo "1038"]
[PlyCount "71"]
[EventDate "2021.10.02"]
[EventType "swiss"]
[EventRounds "7"]
[EventCountry "GBR"]
[SourceTitle "BritBase"]
[Source "John Saunders"]
[SourceDate "2021.06.05"]
[SourceVersion "1"]
[SourceVersionDate "2021.06.05"]
[SourceQuality "1"]

1. e4 e5 2. Nf3 Nc6 3. Bc4 Bc5 4. b4 Bb6 5. O-O Nf6 6. Re1 O-O 7. c3 d6 8. a3
Bg4 9. d3 Qd7 10. Nbd2 Rfe8 11. Qb3 Rf8 12. a4 a5 13. b5 Ne7 14. d4 exd4 15.
cxd4 Ng6 16. e5 dxe5 17. dxe5 Ne8 18. e6 Bxe6 19. Rxe6 Nd6 20. Re1 Rfe8 21. Bb2
Bc5 22. Qc3 Ne5 23. Nxe5 Nxc4 24. Nxd7 Ne5 25. Nxe5 Rad8 26. Nd7 f6 27. Nxc5 b6
28. Rxe8+ Rxe8 29. Ne6 Rxe6 30. Qc4 Kf7 31. Re1 g5 32. Qxe6+ Kg6 33. Qxf6+ Kh5
34. h3 h6 35. g4+ Kh4 36. Qxh6# 1-0

[Event "GBR-ch107 U8"]
[Site "Milton Keynes"]
[Date "2021.10.02"]
[Round "4.1"]
[White "Zhao, George"]
[Black "Han, Qixiang"]
[Result "1-0"]
[WhiteElo "1315"]
[BlackElo "888"]
[PlyCount "87"]
[EventDate "2021.10.02"]
[EventType "swiss"]
[EventRounds "7"]
[EventCountry "GBR"]
[SourceTitle "BritBase"]
[Source "John Saunders"]
[SourceDate "2021.06.05"]
[SourceVersion "1"]
[SourceVersionDate "2021.06.05"]
[SourceQuality "1"]

1. d4 Nf6 2. c4 e6 3. g3 g6 4. Bg2 Bg7 5. Nf3 d5 6. b3 O-O 7. O-O Nbd7 8. Bb2
c5 9. Nbd2 b6 10. Rc1 Bb7 11. Re1 Re8 12. e3 Rc8 13. dxc5 Nxc5 14. Qe2 dxc4 15.
Nxc4 Qe7 16. Red1 Red8 17. Be5 Nd5 18. Bxg7 Kxg7 19. Qb2+ Kg8 20. Nd4 a6 21.
Bxd5 Bxd5 22. Nxb6 Rb8 23. Nxd5 Rxd5 24. Nc6 Nd3 25. Nxe7+ Kf8 26. Rxd3 Rxd3
27. Qh8+ Kxe7 28. Qxb8 a5 29. Qa7+ Rd7 30. Qxa5 f5 31. Rc7 Rxc7 32. Qxc7+ Kf6
33. Qd6 h5 34. a4 h4 35. gxh4 g5 36. hxg5+ Kxg5 37. Qxe6 f4 38. Qe5+ Kg6 39.
Qxf4 Kh5 40. a5 Kg6 41. a6 Kh5 42. a7 Kg6 43. a8=Q Kh5 44. Qe8# 1-0

[Event "GBR-ch107 U8"]
[Site "Milton Keynes"]
[Date "2021.10.02"]
[Round "4.2"]
[White "Deepak Ambattu, Rithvik"]
[Black "Chen, George"]
[Result "1-0"]
[WhiteElo "1285"]
[BlackElo "1113"]
[PlyCount "193"]
[EventDate "2021.10.02"]
[EventType "swiss"]
[EventRounds "7"]
[EventCountry "GBR"]
[SourceTitle "BritBase"]
[Source "John Saunders"]
[SourceDate "2021.06.05"]
[SourceVersion "1"]
[SourceVersionDate "2021.06.05"]
[SourceQuality "1"]

1. e4 c5 2. d4 cxd4 3. c3 dxc3 4. Nxc3 Nc6 5. Bc4 d6 6. Nf3 a6 7. O-O Nf6 8.
Bf4 e6 9. Qe2 Be7 10. Rad1 Qc7 11. Qd2 O-O 12. Bxd6 Bxd6 13. Qxd6 Qxd6 14. Rxd6
Na5 15. Bb3 Nxb3 16. axb3 b5 17. Rfd1 Bb7 18. R1d4 Rac8 19. h3 Rfe8 20. e5 Nh5
21. Nd2 g6 22. g4 Ng7 23. Nde4 Bxe4 24. Nxe4 Rc1+ 25. Kg2 Rf8 26. Nf6+ Kh8 27.
Rd8 Rc8 28. R8d7 Ne8 29. Nxe8 Rcxe8 30. R4d6 Ra8 31. Rc7 a5 32. Rdd7 Kg7 33.
Ra7 a4 34. bxa4 bxa4 35. Kf3 Rab8 36. Rxa4 Rxb2 37. Raa7 Rb5 38. Kf4 h6 39. h4
Rb4+ 40. Kg3 Re4 41. f4 Re3+ 42. Kh2 Rf3 43. Ra4 Rc8 44. Kg2 Rb3 45. Ra2 Rcc3
46. g5 hxg5 47. fxg5 Rg3+ 48. Kh2 Rh3+ 49. Kg2 Rxh4 50. Rf2 Rg4+ 51. Kh2 Rh4+
52. Kg2 Rb5 53. Rfxf7+ Kg8 54. Rg7+ Kh8 55. Rge7 Rb8 56. Rxe6 Rg4+ 57. Kf3 Rxg5
58. Ree7 Rb3+ 59. Ke4 Rg4+ 60. Kd5 Rd3+ 61. Ke6 Rxd7 62. Kxd7 Rd4+ 63. Kc8 Kg8
64. e6 Kf8 65. Rc7 g5 66. Rf7+ Ke8 67. Rg7 Rg4 68. Kc7 Rg2 69. Kd6 Kf8 70. e7+
Kxg7 71. e8=Q Rd2+ 72. Kc5 Rc2+ 73. Kb4 Rf2 74. Qe5+ Kg6 75. Qe4+ Kh5 76. Qh1+
Kg6 77. Qg1 Rf4+ 78. Kc3 Rf3+ 79. Kd4 Rf4+ 80. Ke3 Rf6 81. Qb1+ Rf5 82. Ke4 g4
83. Qb8 Rf7 84. Qg8+ Rg7 85. Qe6+ Kh5 86. Qf5+ Kh6 87. Kf4 g3 88. Qh3+ Kg6 89.
Qxg3+ Kf7 90. Qb3+ Kf8 91. Kf5 Rf7+ 92. Kg6 Re7 93. Qb8+ Re8 94. Qd6+ Kg8 95.
Qf6 Re7 96. Qxe7 Kh8 97. Qf8# 1-0

[Event "GBR-ch107 U8"]
[Site "Milton Keynes"]
[Date "2021.10.02"]
[Round "4.3"]
[White "Sivanandan, Bodhana"]
[Black "Gao, Alex"]
[Result "1-0"]
[WhiteElo "1345"]
[BlackElo "1015"]
[PlyCount "65"]
[EventDate "2021.10.02"]
[EventType "swiss"]
[EventRounds "7"]
[EventCountry "GBR"]
[SourceTitle "BritBase"]
[Source "John Saunders"]
[SourceDate "2021.06.05"]
[SourceVersion "1"]
[SourceVersionDate "2021.06.05"]
[SourceQuality "1"]

1. e4 e5 2. Nf3 Nc6 3. Nc3 Nf6 4. d4 Bb4 5. dxe5 Nxe4 6. Bd2 Nxd2 7. Qxd2 O-O
8. a3 Bc5 9. Bc4 d6 10. exd6 Re8+ 11. Be2 Qf6 12. dxc7 Nd4 13. O-O b6 14. Rfe1
Bb7 15. Nxd4 Bxd4 16. Bd3 Qc6 17. Be4 Rxe4 18. Nxe4 f5 19. Qxd4 fxe4 20. Qd8+
Rxd8 21. cxd8=Q+ Kf7 22. Qd4 e3 23. f3 Qg6 24. Qd7+ Kg8 25. Qxb7 Qxc2 26. Rxe3
Qg6 27. Rd1 h6 28. h3 a5 29. Re7 b5 30. Rdd7 Qb1+ 31. Kh2 Kh8 32. Re8+ Kh7 33.
Rxg7# 1-0

[Event "GBR-ch107 U8"]
[Site "Milton Keynes"]
[Date "2021.10.02"]
[Round "4.4"]
[White "Veselow, Zoe"]
[Black "Kumar, Sachin"]
[Result "1-0"]
[WhiteElo "1338"]
[BlackElo "1106"]
[PlyCount "71"]
[EventDate "2021.10.02"]
[EventType "swiss"]
[EventRounds "7"]
[EventCountry "GBR"]
[SourceTitle "BritBase"]
[Source "John Saunders"]
[SourceDate "2021.06.05"]
[SourceVersion "1"]
[SourceVersionDate "2021.06.05"]
[SourceQuality "1"]

1. e4 e5 2. Nf3 Nc6 3. d4 exd4 4. c3 dxc3 5. Nxc3 Nf6 6. Bc4 Be7 7. O-O O-O 8.
Bf4 d6 9. Re1 Bg4 10. h3 Bh5 11. Qb3 Bxf3 12. gxf3 Na5 13. Qb5 Nxc4 14. Qxc4
Qd7 15. Kh2 Nh5 16. Be3 c6 17. Rg1 Qe6 18. Qb4 b6 19. Qd4 c5 20. Qd2 Qf6 21.
Nd5 Qe5+ 22. Kh1 Bf6 23. Nxf6+ Qxf6 24. f4 Rfe8 25. Rg5 g6 26. Rag1 Kh8 27. f3
h6 28. Rd5 g5 29. Rxd6 Qe7 30. fxg5 hxg5 31. Bxg5 f6 32. Bxf6+ Nxf6 33. Qh6+
Nh7 34. Rdg6 Qf7 35. Qe3 Qxa2 36. Qc3+ 1-0

[Event "GBR-ch107 U8"]
[Site "Milton Keynes"]
[Date "2021.10.02"]
[Round "4.5"]
[White "Maitret, Victor"]
[Black "Lishoy Gengis Paratazham, Dildarav"]
[Result "0-1"]
[WhiteElo "1082"]
[BlackElo "1272"]
[PlyCount "82"]
[EventDate "2021.10.02"]
[EventType "swiss"]
[EventRounds "7"]
[EventCountry "GBR"]
[SourceTitle "BritBase"]
[Source "John Saunders"]
[SourceDate "2021.06.05"]
[SourceVersion "1"]
[SourceVersionDate "2021.06.05"]
[SourceQuality "1"]

1. d4 Nf6 2. Bf4 g6 3. Nf3 Bg7 4. e3 O-O 5. Bd3 d6 6. O-O Nbd7 7. Nbd2 c5 8.
Re1 cxd4 9. Nxd4 e5 10. Nb5 exf4 11. exf4 Nc5 12. Nc4 d5 13. Ncd6 Nxd3 14. Qxd3
a6 15. Nxc8 Qxc8 16. Nc3 Qc4 17. Rad1 Qxd3 18. Rxd3 Rad8 19. Red1 Rfe8 20. h3
d4 21. Na4 Nd5 22. g3 Nb4 23. R3d2 Rc8 24. Nb6 Rxc2 25. Rxc2 Nxc2 26. Na4 Rd8
27. Nc5 Rb8 28. Rd2 Nb4 29. Rxd4 Bxd4 30. Nd7 Rd8 31. Ne5 Bxe5 32. fxe5 Nxa2
33. f4 Rd2 34. b3 b5 35. Kf1 a5 36. Ke1 Rh2 37. h4 a4 38. bxa4 b4 39. a5 b3 40.
a6 b2 41. a7 b1=R# 0-1

[Event "GBR-ch107 U8"]
[Site "Milton Keynes"]
[Date "2021.10.02"]
[Round "4.6"]
[White "Konara, Nuvee"]
[Black "Keerthi Kumar, Advait"]
[Result "0-1"]
[WhiteElo "883"]
[BlackElo "1492"]
[PlyCount "48"]
[EventDate "2021.10.02"]
[EventType "swiss"]
[EventRounds "7"]
[EventCountry "GBR"]
[SourceTitle "BritBase"]
[Source "John Saunders"]
[SourceDate "2021.06.05"]
[SourceVersion "1"]
[SourceVersionDate "2021.06.05"]
[SourceQuality "1"]

1. e4 c5 2. Bc4 Nc6 3. Nf3 g6 4. Nc3 Bg7 5. d3 d6 6. Be3 Nf6 7. O-O O-O 8. Re1
e6 9. d4 cxd4 10. Bxd4 Nxd4 11. Qxd4 Qe7 12. e5 dxe5 13. Qxe5 Nd5 14. Qe4 Nxc3
15. bxc3 Bxc3 16. Rad1 Bxe1 17. Rxe1 Bd7 18. Qxb7 Qc5 19. Bb3 Bc6 20. Qc7 Rac8
21. Re5 Rxc7 22. Rxc5 Rfc8 23. Ne5 Rd8 24. Nxc6 Rd1# 0-1

[Event "GBR-ch107 U8"]
[Site "Milton Keynes"]
[Date "2021.10.02"]
[Round "4.7"]
[White "Kruger, Derik"]
[Black "Verbytski, Oleg"]
[Result "0-1"]
[WhiteElo "600"]
[BlackElo "1368"]
[PlyCount "80"]
[EventDate "2021.10.02"]
[EventType "swiss"]
[EventRounds "7"]
[EventCountry "GBR"]
[SourceTitle "BritBase"]
[Source "John Saunders"]
[SourceDate "2021.06.05"]
[SourceVersion "1"]
[SourceVersionDate "2021.06.05"]
[SourceQuality "1"]

1. e4 c5 2. Nc3 e6 3. Bc4 Nc6 4. Nf3 Nf6 5. e5 Ng8 6. O-O a6 7. a4 h5 8. d3 Nh6
9. Ng5 Nf5 10. Nge4 d6 11. Bg5 Qc7 12. exd6 Bxd6 13. Nxd6+ Qxd6 14. Ne4 Qf8 15.
Bf4 e5 16. Be3 b6 17. Bd5 Bb7 18. f4 Nxe3 19. Qf3 Nxf1 20. Rxf1 Nd4 21. Qf2
Bxd5 22. fxe5 Bxe4 23. dxe4 Qe7 24. c3 Nc6 25. b3 Nxe5 26. Qg3 O-O 27. Rf5 Rfe8
28. Qh3 g6 29. Qg3 Rad8 30. Rxh5 Rd3 31. Qg5 Qxg5 32. Rxg5 Rxc3 33. Rg3 Rxg3
34. hxg3 Nd3 35. Kh1 Rxe4 36. Kh2 Re1 37. Kh3 Nf2+ 38. Kh4 f6 39. g4 Ne4 40. g3
Rh1# 0-1

[Event "GBR-ch107 U8"]
[Site "Milton Keynes"]
[Date "2021.10.02"]
[Round "4.8"]
[White "Pitel, Benedikt"]
[Black "Litvin, Theo"]
[Result "1-0"]
[WhiteElo "963"]
[BlackElo "760"]
[PlyCount "109"]
[EventDate "2021.10.02"]
[EventType "swiss"]
[EventRounds "7"]
[EventCountry "GBR"]
[SourceTitle "BritBase"]
[Source "John Saunders"]
[SourceDate "2021.06.05"]
[SourceVersion "1"]
[SourceVersionDate "2021.06.05"]
[SourceQuality "1"]

1. c4 e5 2. Nc3 Nf6 3. e4 Bc5 4. g3 Nc6 5. Bg2 d6 6. Nge2 O-O 7. O-O Be6 8. d3
Qd7 9. Kh1 Bh3 10. f4 Qg4 11. Na4 Bb6 12. Nxb6 axb6 13. Nc3 exf4 14. Qxg4 Bxg4
15. Bxf4 h6 16. Bxh6 Kh7 17. Bg5 Nd7 18. Nd5 Rac8 19. Ne7 Nxe7 20. Bxe7 Rfe8
21. Bg5 Ne5 22. b3 f6 23. Bd2 Nxd3 24. h3 Be2 25. Rf5 Nc5 26. Rf4 Bd3 27. Re1
Re7 28. Bb4 Na6 29. Bc3 Rce8 30. Kg1 Nc5 31. Bd4 Bxe4 32. Bxc5 Bxg2 33. Rxe7
Rxe7 34. Bxd6 cxd6 35. Kxg2 Re2+ 36. Rf2 Rxf2+ 37. Kxf2 Kg6 38. Ke3 Kf5 39. Kd4
Ke6 40. Ke4 g6 41. g4 f5+ 42. gxf5+ gxf5+ 43. Kf4 Kf6 44. h4 Ke6 45. h5 Kf6 46.
h6 Kg6 47. h7 Kxh7 48. Kxf5 Kg7 49. Ke6 Kf8 50. Kxd6 Ke8 51. Kc7 Ke7 52. Kxb6
Kd8 53. Kxb7 Kd7 54. c5 Kd8 55. c6 1-0